Marvel Rivals: Magik Skins by Picture - Statistics

General Stats
  • This quiz has been taken 14 times
  • The average score is 3 of 9
Answer Stats
Picture Answer % Correct
Punkchild
86%
Phoenix Demon
57%
Retro X-Uniform
57%
Will of Galacta
57%
Amethyst Armor
14%
Eldritch Armor
14%
Frozen Demon
14%
New Millennia Might
14%
Rosy Resilience
14%
No matching quizzes found
Score Distribution
Percent of People with Each Score
Percentile by Number Answered
Your Score History
You have not taken this quiz